Color-Swapped Flags - Statistics

General Stats
  • This quiz has been taken 187 times
  • The average score is 15 of 16
Answer Stats
Picture Answer % Correct
China
97%
Finland
97%
Pakistan
96%
South Africa
96%
Canada
95%
Israel
95%
Ukraine
95%
Japan
94%
United States
92%
Morocco
89%
Russia/Netherlands
89%
Georgia
88%
Vietnam
87%
Singapore
86%
Bahrain
84%
Palau
82%
No matching quizzes found
Score Distribution
Percent of People with Each Score
Percentile by Number Answered
Your Score History
You have not taken this quiz